Ukrán és Ruszin Filológiai Tanszék

Titel: Ukrán és Ruszin Filológiai Tanszék : kiadványok ; 1993 - 2003 = Kafedra Ukrainskoj i Rusinskoj Filologii = Lehrstuhl für Ukrainistik und Russinistik / Káprály Mihály; Pischlöger Christian; Abonyi Andrea
Verfasser: ; ;
Veröffentlicht: Nyíregyháza : Nyíregyházi Főiskola Ukrán és Ruszin Filológiai Tanszék, 2003
Umfang: 172 Seiten : Illustrationen
Format: Buch
Sprache: Ungarisch; Russisch; Deutsch
Schriftenreihe/
mehrbändiges Werk:
Studia ukrainica et rusinica Nyíregyháziensia ; 13
Schlagworte:
ISBN: 9639385689
Buchumschlag
X
Lokale Klassifikation: 54 15 B ; 42 10 A ; 42 10 D ; 54 3 C ; 54 10 Ab ; 42 10 Ab
alg: 21371969
001A    $03004:08-07-09 
001B    $01999:14-02-25 $t11:05:41.000 
001D    $03004:08-07-09 
001U    $0utf8 
001X    $00 
002@    $0Aau 
002C    $aText $btxt $2rdacontent 
002D    $aohne Hilfsmittel zu benutzen $bn $2rdamedia 
002E    $aBand $bnc $2rdacarrier 
003@    $021371969X 
003O    $0609923235 $aOCoLC 
004A    $0963-9385-68-9 
007A    $021371969X $aHEB 
007G    $0DE02074AC98460DFAD02EC125792800340AED 
007T    $0Herdhh21371969X 
009P    $qapplication/pdf $A2 $3Inhaltsverzeichnis $uhttp://scans.hebis.de/HEBCGI/show.pl?21371969_toc.pdf $mV:DE-603;B:DE-Mb50 
010@    $ahun $arus $ager 
011@    $a2003 
013D    $RVerzeichnis $RInformationsmittel $RKatalog $RLiteraturbericht $RNeuerwerbungsliste $RBibliograf $RBibliografin $#Bibliography $#Bibliographie $#Bibliography, Critical $#Bibliographie critique $#Bibliographie $#Abstract Formschlagwort $#Bücherverzeichnis $#Literaturdokumentation Formschlagwort $#Literaturverzeichnis $#Publikationen Formschlagwort $#Repertorium Bibliografie $#Werke Formschlagwort $#Bibliografien $#Bibliographien $74006432-3 $8Bibliografie [Ts1] $9085009210 
021A    $aUkrán és Ruszin Filológiai Tanszék $dkiadványok ; 1993 - 2003 $fKafedra Ukrainskoj i Rusinskoj Filologii $fLehrstuhl für Ukrainistik und Russinistik $hKáprály Mihály; Pischlöger Christian; Abonyi Andrea 
027A    $aKafedra Ukrainskoj i Rusinskoj Filologii 
027A    $aLehrstuhl für Ukrainistik und Russinistik 
028A    $BVerfasser $#Kapralʹ, Michailʹ $#Kapralʹ, Mihail $#Kapralʹ, Mikhailʹ $#Kapralʹ, Mychajlo $4aut $D20231015 $Ecgwrk $71056132728 $8Káprály, Mihály$Z1957- [Tp3] $9345853431 
028C    $BVerfasser $4aut $7 $8Pischlöger, Christian [Tnu] $9213719355 
028C    $BVerfasser $4aut $7 $8Abonyi, Andrea [Tnu] $9213719398 
033A    $pNyíregyháza $nNyíregyházi Főiskola Ukrán és Ruszin Filológiai Tanszék 
034D    $a172 Seiten 
034M    $aIllustrationen 
036E    $aStudia ukrainica et rusinica Nyíregyháziensia $l13 
036F    $x213 $8Studia ukrainica et rusinica Nyíregyháziensia $9213708302 $l13 
044K    $ROstslawische Sprachen $#Ukrainian language $#Ukrainien (langue) $#Lingua ucraina $#Lengua ucraniana $#Ruthenisch Ukrainisch $#Kleinrussisch $74120373-2 $8Ukrainisch [Ts1] $908538402X 
044K    $ROstslawische Sprachen $#Russinisch $#Ruthenisch Rusinisch $#Karpatoukrainisch Rusinisch $#Carpatho-Russian $74178735-3 $8Rusinisch [Ts1] $9085848034 
045A    $aZ7044.5 
045A    $aPG3813 
045F    $a370.9439 $eDDC23BSB 
045F/01 $a370.9 
045F/03 $g439 
045F/03 $g438 
045G    $a400 $eDDC23BSB 
045G/01 $a400 
045G/03 $g477 
045G/03 $g439 
045H    $a809 $eDDC23BSB 
045H/01 $a809 
045H/03 $g477 
045I    $a305.8009439 $eDDC23BSB 
045I/01 $a305.8009 
045I/03 $g439 
046L    $aText in ungarisher, russischer und deutscher Sprache 

lok: 21371969 24
101B    $008-07-09 $t11:52:50.000 
101C    $008-07-09 
101U    $0utf8 
145Z/01 $a54 15 B 
145Z/02 $a42 10 A 
145Z/03 $a42 10 D 
145Z/04 $a54 3 C 
145Z/05 $a54 10 Ab 
145Z/06 $a42 10 Ab 

exp: 21371969 24 1 #EPN
201B/01 $009-07-09 $t07:44:45.000 
201C/01 $008-07-09 
201U/01 $0utf8 
203@/01 $0577107739 
208@/01 $a08-07-09 $bz 
209A/01 $a09.3929 $du $f050 $h09 3929 $x00 
209C/01 $a09.3929 G $h09 3929 G 
209G/01 $a72457625 $x00 
220C/01 $aost 
247C/01 $8358050-7 Marburg, Bibliothek des Herder-Instituts Marburg $9102600961 

lok: 21371969 78

exp: 21371969 78 1 #EPN
201B/01 $019-04-17 $t21:46:09.000 
201U/01 $0utf8 
203@/01 $0793592771 
208@/01 $a12-11-16 $be 
209A/01 $a/ $f000 $x00 
237A/01 $aText in ungar., russ. und dt. Sprache. - weiterführende Signatur(en):  09.3929 
244Z/01 $2Trx $#Ungari $#Vengrija $#Ungārija $#Ungarn $#Hungary $#Węgry $#Maďarsko $#Maďarsko $#Uhorsko $#Uhersko;Uhry $8--Trx--Magyarország $x01 $9391197150 
244Z/01 $2Trx $#Poola $#Lenkija $#Polija $#Polen Land $#Poland $#Lengyelország $#Poľsko $#Polsko $8--Trx--Polska$gkraj $x02 $9391345966 
244Z/01 $aUkrainisch $x03 
244Z/01 $aRusinisch $x04 
244Z/01 $2Trx $8--Trx--Monographie $x05 $9391384546 
245Z/01 $a11.05 $x01 
247C/01 $82080>Marburg/Lahn, Herder-Institut, Forschungsbibliothek, Bibliographieportal $9336309341
LEADER 00000cam a2200000 c 4500
001 21371969X
003 DE-603
005 20250214110541.0
007 tu
008 090708s2003 xx |||| | u00||u|hun c
020 |a 9639385689 
035 |a (DE-599)HEB21371969X 
035 |a (OCoLC)609923235 
040 |a DE-603  |b ger  |c DE-603  |d DE-603 
041 |a hun  |a rus  |a ger 
050 0 |a Z7044.5 
082 0 4 |8 1\u  |a 370.9439  |q DE-101  |2 23/BSB 
083 0 |8 2\u  |a 400  |q DE-101  |2 23/BSB 
083 0 |8 3\u  |a 809  |q DE-101  |2 23/BSB 
083 0 |8 4\u  |a 305.8009439  |q DE-101  |2 23/BSB 
085 |8 1\u  |b 370.9 
085 |8 1\u  |z 2  |s 439 
085 |8 1\u  |z 2  |s 438 
085 |8 2\u  |b 400 
085 |8 2\u  |z 2  |s 477 
085 |8 2\u  |z 2  |s 439 
085 |8 3\u  |b 809 
085 |8 3\u  |z 2  |s 477 
085 |8 4\u  |b 305.8009 
085 |8 4\u  |z 2  |s 439 
100 1 |a Káprály, Mihály  |d 1957-  |e Verfasser  |4 aut  |0 (DE-603)345853431  |0 (DE-588)1056132728  |2 gnd 
245 0 0 |a Ukrán és Ruszin Filológiai Tanszék  |b kiadványok ; 1993 - 2003 = Kafedra Ukrainskoj i Rusinskoj Filologii = Lehrstuhl für Ukrainistik und Russinistik  |c Káprály Mihály; Pischlöger Christian; Abonyi Andrea 
246 1 3 |a Kafedra Ukrainskoj i Rusinskoj Filologii 
246 1 3 |a Lehrstuhl für Ukrainistik und Russinistik 
264 1 |a Nyíregyháza  |b Nyíregyházi Főiskola Ukrán és Ruszin Filológiai Tanszék  |c 2003 
300 |a 172 Seiten  |b Illustrationen 
336 |a Text  |b txt  |2 rdacontent 
337 |a ohne Hilfsmittel zu benutzen  |b n  |2 rdamedia 
338 |a Band  |b nc  |2 rdacarrier 
490 1 |a Studia ukrainica et rusinica Nyíregyháziensia  |v 13 
546 |a Text in ungarisher, russischer und deutscher Sprache 
650 7 |a Ukrainisch  |0 (DE-588)4120373-2  |0 (DE-603)08538402X  |2 gnd 
650 7 |a Rusinisch  |0 (DE-588)4178735-3  |0 (DE-603)085848034  |2 gnd 
655 7 |a Bibliografie  |2 gnd-content  |0 (DE-588)4006432-3  |0 (DE-603)085009210 
700 1 |a Pischlöger, Christian  |e Verfasser  |4 aut  |0 (DE-603)213719355 
700 1 |a Abonyi, Andrea  |e Verfasser  |4 aut  |0 (DE-603)213719398 
830 0 |t Studia ukrainica et rusinica Nyíregyháziensia  |v 13  |w (DE-603)213708302  |w (DE-600)2249521-6  |9 213  |7 as 
856 4 2 |m V:DE-603;B:DE-Mb50  |q application/pdf  |u http://scans.hebis.de/HEBCGI/show.pl?21371969_toc.pdf  |3 Inhaltsverzeichnis 
924 0 |9 Mb 50  |a (DE-603)577107739  |b DE-Mb50  |c HES  |d c  |g 09.3929 
924 0 |9 2080  |a (DE-603)793592771  |b DE-2080  |c HES  |d d  |g /